Score 0/22 Timer 02:00
1 Play Today
Movie Title Missing Word % Correct
Around the ____ in Eighty DaysWorld
97.3%
Snow White and the Seven ____Dwarfs
97.1%
The 40-Year-Old ____Virgin
96.7%
40 Days and 40 ____Nights
96.5%
10 Things I ____ About YouHate
95.1%
Million Dollar ____Baby
94.6%
The Whole Nine ____Yards
94.5%
50 First ____Dates
93.2%
3 ____ and a BabyMen
91.2%
Four Weddings and a ____Funeral
89.6%
13 ____ on 30Going
88.8%
Movie Title Missing Word % Correct
____ in Sixty SecondsGone
85.1%
28 Days ____Later
74.6%
12 ____ MenAngry
71.8%
2001: A Space ____Odyssey
70.4%
3:10 to ____Yuma
70%
____ Than ZeroLess
66.8%
Six Degrees of ____Separation
61.7%
Eight Men ____Out
36.9%
____ on Precinct 13Assault
36.7%
The Three Faces of ____Eve
29.1%
3000 Miles to ____Graceland
28.8%

Today's Daily Dose

Missing Word
'T' Pairs

Word Ladder
Game Pieces

Get the Picture
Baseball Movies

Remove Ads.
Support Sporcle.
Get the best of Sporcle when you Go Orange. This ad-free experience offers more features, more stats, and more fun while also helping to support Sporcle. Thank you for becoming a member.

You're not logged in!

Compare scores with friends on all Sporcle quizzes.
OR
Log In

Show Comments

Extras

Top Quizzes Today


Score Distribution

Your Account Isn't Verified!

In order to create a playlist on Sporcle, you need to verify the email address you used during registration. Go to your Sporcle Settings to finish the process.

Report this User

Report this user for behavior that violates our Community Guidelines.

Details: